00621nam a22002297a 4500003000500000005001700005008004100022010001000063011001000073035001000083040000900093082001400102100002900116245007400145260002900219300001100248490003800259650001400297650001700311650002500328830003800353CHAP20220329134307.0971013s1903 r 00010 d a18270 a19242 a23327 cCHAP a631.5bB600aBoasso, Pedro Francisco. aCultivo de los terrenos según el Solari y sus ventajas económicas aSevilla :b(s.n.),c1903 a131 p. aBiblioteca Agraria Solarianav; 314aCereales.14aLeguminosas.14aSistemas de cultivo.0 aBiblioteca Agraria Solarianav; 3